[Event "9th Bavarian Open"]
[Site "Bad Wiessee GER"]
[Date "2005.11.06"]
[Round "9"]
[White "Senff,M"]
[Black "Pfleger,M"]
[Result "1-0"]
[WhiteElo "2469"]
[BlackElo "2217"]

1.e4 d5 2.exd5 Qxd5 3.Nc3 Qd6 4.d4 Nf6 5.Nf3 a6 6.g3 Bg4 7.Bg2 Nc6 8.O-O e6
9.Bf4 Qb4 10.Bxc7 Be7 11.a3 Qxb2 12.Qd2 Rc8 13.Rfb1 Bxa3 14.Rxb2 Bxb2 15.Rb1 Bxc3
16.Qxc3 Nd5 17.Qc5 Bxf3 18.Rxb7 Nxc7 19.Bxf3 Nd5 20.Bxd5 exd5 21.Qd6  1-0

[Event "FSIMA November"]
[Site "Budapest HUN"]
[Date "2005.11.08"]
[Round "4"]
[White "Dougherty,M"]
[Black "Brustkern,J"]
[Result "1/2-1/2"]
[WhiteElo "2212"]
[BlackElo "2236"]

1.e4 d5 2.exd5 Qxd5 3.Nc3 Qd6 4.d4 Nf6 5.Nb5 Qd8 6.c4 a6 7.Nc3 g6 8.Nf3 Bg7
9.Be2 O-O 10.O-O Bf5 11.Bf4 Ne4 12.Nxe4 Bxe4 13.Qb3 b6 14.Qe3 Bb7 15.Rad1 Nd7
16.Bh6 e6 17.Ne5 Qe7 18.Bxg7 Kxg7 19.Bf3 Bxf3  1/2-1/2

[Event "ch-CRO"]
[Site "Vukovar CRO"]
[Date "2005.11.08"]
[Round "2"]
[White "Rogic,D"]
[Black "Stevic,H"]
[Result "1/2-1/2"]
[WhiteElo "2520"]
[BlackElo "2514"]

1.e4 d5 2.exd5 Qxd5 3.Nc3 Qd6 4.d4 Nf6 5.Nf3 a6 6.Bd3 Bg4 7.Ne4 Nxe4 8.Bxe4 c6
9.O-O Nd7 10.c3 Nf6 11.Bc2 Qd5 12.Re1 Bxf3 13.Qxf3 Qxf3 14.gxf3 e6 15.Bd2 g6
16.b4 Bg7 17.a4 O-O 18.Bd3 Rad8 19.Bf1 Nd5 20.Kg2  1/2-1/2

[Event "4NCL 2006-07"]
[Site "Coventry ENG"]
[Date "2005.11.12"]
[Round "4"]
[White "Ansell,S"]
[Black "Zeidler,S"]
[Result "1-0"]
[WhiteElo "2391"]
[BlackElo "2232"]

1.e4 d5 2.exd5 Qxd5 3.Nc3 Qd6 4.d4 Nf6 5.Nf3 a6 6.Bd3 Bg4 7.Be3 Nc6 8.h3 Bh5
9.Qe2 Nb4 10.Bc4 Bxf3 11.gxf3 e6 12.O-O-O O-O-O 13.Rhg1 Qc6 14.Kb1 Nbd5 15.Nxd5 Nxd5
16.Bb3 Nxe3 17.fxe3 g6 18.c3 Bh6 19.Bc2 Rhe8 20.Be4 Qb6 21.f4 c5 22.Qc4 Qb5
23.Qxb5 axb5 24.dxc5 e5 25.c6 b6 26.Rxd8+ Kxd8 27.Rd1+ Kc8 28.f5 Rd8 29.Rf1 Rf8
30.Rf3 Kc7 31.Kc2 f6 32.Kd3 g5 33.Bd5 Ra8 34.Rf1 Ra4 35.e4 b4 36.Bb3 Ra8
37.cxb4  1-0

[Event "Bundesliga 2005-6"]
[Site "Leipzig GER"]
[Date "2005.11.12"]
[Round "3"]
[White "Voigt,R"]
[Black "Kritz,L"]
[Result "0-1"]
[WhiteElo "2384"]
[BlackElo "2545"]

1.e4 d5 2.exd5 Qxd5 3.Nc3 Qd6 4.Nf3 Nf6 5.Be2 g6 6.O-O Bg7 7.d4 O-O 8.Bg5 c6
9.Qd2 Bf5 10.Rfe1 Re8 11.Rad1 Nbd7 12.Bf4 Qb4 13.Nh4 Bg4 14.a3 Qa5 15.Nf3 e6
16.h3 Bxf3 17.Bxf3 Rac8 18.Bd6 Qd8 19.Na4 Nb6 20.Nxb6 axb6 21.Be5 b5 22.Ra1 Ra8
23.a4 bxa4 24.Qb4 Qd7 25.c4 Rec8 26.b3 axb3 27.Qxb3 Rxa1 28.Rxa1 Ne8 29.Ra7 Bxe5
30.dxe5 Qd4 31.Rxb7 Qxe5 32.g3 Nd6 33.Rd7 Nf5 34.Qb7 Rb8 35.Qxc6 Rb1+ 36.Kg2 Qe1  0-1

[Event "TCh-FIN 2005-6"]
[Site "Vantaa FIN"]
[Date "2005.11.12"]
[Round "5"]
[White "Tommiska,M"]
[Black "Kivisto,M"]
[Result "1-0"]
[WhiteElo "2217"]
[BlackElo "2307"]

1.e4 d5 2.exd5 Qxd5 3.Nc3 Qd6 4.Nf3 a6 5.d4 Nf6 6.g3 Bg4 7.Bg2 Nc6 8.d5 Ne5
9.Bf4 Nxf3+ 10.Bxf3 Bxf3 11.Qxf3 Qd7 12.O-O-O O-O-O 13.Rhe1 Rg8 14.Be5 Qg4
15.Qe3 Kb8 16.Rd4 Qc8 17.Qf3 e6 18.dxe6 fxe6 19.Bxf6 gxf6 20.Rxd8 Qxd8 21.Rxe6 Bh6+
22.Kb1 Qd2 23.a3 Qc1+ 24.Ka2 Qxc2 25.Rxf6 Bg7 26.Rf7 Qg6 27.Qf5 Qd6 28.Rd7 Qg6
29.Qxg6 hxg6 30.Nd5 Be5 31.f4 Bd6 32.h4 Re8 33.Kb3 Re2 34.Rg7 Rd2 35.Nc3 Rg2
36.Ne4  1-0

[Event "TCh-HUN 2005-6"]
[Site "Hungary HUN"]
[Date "2005.11.13"]
[Round "3"]
[White "Pavel,M"]
[Black "Schneider,Ve"]
[Result "1-0"]
[WhiteElo "2190"]
[BlackElo "2194"]

1.e4 d5 2.exd5 Qxd5 3.Nc3 Qd6 4.d4 Nf6 5.Nf3 a6 6.g3 Bg4 7.h3 Bxf3 8.Qxf3 Nc6
9.Be3 O-O-O 10.Bg2 Qb4 11.O-O-O e6 12.Kb1 Be7 13.g4 Rhf8 14.g5 Nd5 15.Nxd5 Rxd5
16.Qe2 Nxd4 17.Qd2 Nf5 18.Bxd5 Qxd2 19.Bxb7+ Kxb7 20.Bxd2 Nd6 21.Bb4 Bxg5
22.Bxd6 cxd6 23.Rxd6 Bh4 24.f3 Bg3 25.Rd7+ Kc6 26.Rhd1 Be5 27.b3 h5 28.c4 g5
29.Rd8 Rxd8 30.Rxd8 Bd6 31.Kc2 f5 32.Kd3 a5 33.Rh8 h4 34.Rh6 Kd7 35.Kd4 Bf8
36.Rh7+ Kd6 37.Rf7 Be7 38.c5+ Kd7 39.c6+ Ke8 40.c7  1-0

[Event "ch-CRO"]
[Site "Vukovar CRO"]
[Date "2005.11.15"]
[Round "9"]
[White "Zelcic,R"]
[Black "Stevic,H"]
[Result "1-0"]
[WhiteElo "2533"]
[BlackElo "2514"]

1.e4 d5 2.exd5 Qxd5 3.Nc3 Qd6 4.d4 Nf6 5.Nf3 a6 6.g3 Bg4 7.h3 Bh5 8.Bg2 Nc6
9.Bf4 Qb4 10.g4 Bg6 11.Qc1 O-O-O 12.O-O Nxd4 13.Nxd4 Rxd4 14.a3 Qc5 15.Be3 e5
16.Ne2 Qc4 17.Bxd4 exd4 18.Qd2 Bc5 19.Rac1 Ne4 20.Qd1 f5 21.Qd3 Nd6 22.Nf4 fxg4
23.Nxg6 hxg6 24.hxg4 Qe6 25.b4 Bb6 26.Qf3 Qe7 27.Rfe1 Qd8 28.Re2 Rf8 29.Qg3 Qg5
30.Rce1 Kb8 31.a4 a5 32.bxa5 Qxa5 33.Qd3 Qxa4 34.Re6 g5 35.R6e5 Qb4 36.Ra1 Qc3
37.Rb1 Nc4 38.Rxg5 Nd2 39.Qxc3 dxc3 40.Rxb6 cxb6 41.Rxg7 Nf3+ 42.Bxf3 Rxf3
43.Kg2 Rf8 44.Re7 b5 45.Kg3 b4 46.Re1 b3 47.cxb3 Rc8 48.Rc1 Rc6 49.Kf4 Kc7
50.Ke5 b5 51.b4 Kd7 52.Rc2 Ke7 53.f4 Kf8 54.g5 Kf7 55.f5 Rc4 56.g6+ Kg7 57.Rh2 Rg4
58.Ra2 Rc4 59.Ra7+ Kh6 60.Rh7+  1-0

[Event "WJun"]
[Site "Instanbul TUR"]
[Date "2005.11.17"]
[Round "8"]
[White "Stellwagen,D"]
[Black "Bartel,Mat"]
[Result "1-0"]
[WhiteElo "2561"]
[BlackElo "2513"]

1.e4 d5 2.exd5 Qxd5 3.Nc3 Qd8 4.d4 Nf6 5.Nf3 c6 6.Bg5 h6 7.Bxf6 exf6 8.Bc4 Bb4
9.O-O O-O 10.Qd3 Qa5 11.Ne4 f5 12.Ng3 g6 13.Ne5 Kg7 14.Nh5+ Kh7 15.Qg3 g5
16.Bxf7 Be7 17.Bg6+ Kg8 18.Rfe1 Qb4 19.h4 Nd7 20.a3 Qxb2 21.Rab1 Qxa3 22.Nxd7 Bxd7
23.Qe5  1-0

[Event "18th Belgrade Trophy"]
[Site "Obrenovac SCG"]
[Date "2005.11.23"]
[Round "2"]
[White "Bozic,Mi"]
[Black "Drljevic,L"]
[Result "0-1"]
[WhiteElo "2387"]
[BlackElo "2189"]

1.e4 d5 2.exd5 Qxd5 3.Nc3 Qd8 4.d4 Nf6 5.Nf3 Bf5 6.Bc4 e6 7.Qe2 Be7 8.h3 h6
9.g4 Bh7 10.Ne5 O-O 11.h4 Qxd4 12.Nf3 Qxg4 13.Bxh6 Qh5 14.Bg5 Bxc2 15.Rg1 Nc6
16.Be3 Nd5 17.Bg5 Bb4 18.Qxc2 Qxf3 19.Bh6 f5 20.Bxg7 Rf7 21.Be2 Qh3 22.Qd2 Rxg7
23.Rxg7+ Kxg7 24.Qg5+ Kf8 25.Qh6+ Ke7 26.Qg7+ Kd6 27.O-O-O Bxc3 28.bxc3 Ne5
29.Rxd5+ Kxd5 30.Qxc7 Nc6 31.Qxb7 Qxc3+  0-1

[Event "18th Belgrade Trophy"]
[Site "Obrenovac SCG"]
[Date "2005.11.23"]
[Round "2"]
[White "Dimitrijevic,R"]
[Black "Petrovic,Pe"]
[Result "1-0"]
[WhiteElo "1935"]
[BlackElo "2153"]

1.e4 d5 2.exd5 Qxd5 3.Nc3 Qd8 4.d4 c6 5.Nf3 Bf5 6.Bd3 Bxd3 7.Qxd3 Nf6 8.Bf4 e6
9.O-O-O Nbd7 10.h4 Bb4 11.Ne4 Nxe4 12.Qxe4 Nf6 13.Qe2 Nd5 14.Bd2 Bd6 15.Ne5 Qc7
16.f4 O-O-O 17.g3 h5 18.Kb1 Kb8 19.Rhf1 g6 20.c4 Nf6 21.Bc3 Rhe8 22.Qe1 Ng8
23.Ba5 b6 24.Bb4 Nh6 25.Bxd6 Qxd6 26.c5 Qd5 27.Qb4 b5 28.a4 Re7 29.axb5 Rb7
30.Qa5 Rc8 31.Nxc6+ Ka8 32.Qa6 Qd7 33.Na5 Qxb5 34.Qxb7+ Qxb7 35.Nxb7 Kxb7
36.d5 Rxc5 37.dxe6 fxe6 38.Rd7+ Kb6 39.Rg7 Nf5 40.Rxg6 Nd4 41.Rg5 Rc4 42.Rxh5 Nb3
43.Rd1 a5 44.Re5 Rc6 45.h5  1-0

[Event "65th ch-ITA"]
[Site "Cremona ITA"]
[Date "2005.11.26"]
[Round "4"]
[White "Godena,M"]
[Black "Pizzuto,S"]
[Result "1-0"]
[WhiteElo "2502"]
[BlackElo "2219"]


1.e4 d5 2.exd5 Qxd5 3.Nc3 Qd6 4.d4 Nf6 5.Nf3 a6 6.Bd3 Bg4 7.Ne4 Nxe4 8.Bxe4 e6
9.c3 c6 10.Qb3 Qc7 11.Ne5 Bf5 12.Bxf5 exf5 13.Bf4 Bd6 14.Nxf7 Bxf4 15.Nxh8 Kf8
16.g3 Bh6 17.O-O c5 18.Rfe1 Nc6 19.Re2 b5 20.Rae1 c4 21.Qa3+ b4 22.Qxa6 Rd8
23.Qxc4  1-0

[Event "TCh-NED 2005-6"]
[Site "Netherlands NED"]
[Date "2005.11.26"]
[Round "4"]
[White "Van Delft,M"]
[Black "Zatonskih,A"]
[Result "1/2-1/2"]
[WhiteElo "2385"]
[BlackElo "2425"]

1.e4 d5 2.exd5 Qxd5 3.Nc3 Qd6 4.Nf3 Nf6 5.g3 c6 6.Bg2 Bg4 7.O-O e6 8.d4 Nbd7
9.Bf4 Qb4 10.Rb1 Be7 11.a3 Qb6 12.Qd2 O-O 13.Ne5 Nxe5 14.dxe5 Rfd8 15.Qc1 Nd5
16.Ne4 Nxf4 17.Qxf4 Bf5 18.b4 Rd4 19.c3 Rd3 20.a4 Rad8 21.b5 c5 22.Rbc1 Qc7
23.Rfe1 h6 24.h4 c4 25.Bf1 R3d5 26.Nd6 Bxd6 27.exd6 Qxd6 28.Qxd6 R5xd6 29.Bxc4 Kf8
30.Bf1 Rd2 31.a5 Ra2 32.Ra1 Rc2 33.Rec1 Rxc1 34.Rxc1 Be4 35.c4 b6 36.Bg2 Bxg2
37.Kxg2 Rb8 38.axb6 axb6 39.c5 bxc5 40.Rxc5 Ke7 41.Kf3 Kd6 42.Rc6+ Kd7 43.Rc5 Kd6  1/2-1/2

[Event "TCh-HUN 2005-6"]
[Site "Hungary HUN"]
[Date "2005.11.27"]
[Round "4"]
[White "Rigo,Ja"]
[Black "Boricsev,O"]
[Result "1-0"]
[WhiteElo "2292"]
[BlackElo "2329"]

1.e4 d5 2.exd5 Qxd5 3.Nc3 Qd6 4.Nf3 Nf6 5.d4 a6 6.Be2 Bf5 7.Ne5 Nc6 8.Nxc6 Qxc6
9.Bf3 Qe6+ 10.Be3 Bg4 11.h3 Bxf3 12.Qxf3 O-O-O 13.O-O-O Nd5 14.Nxd5 Qxd5
15.Qxd5 Rxd5 16.c4 Rd7 17.d5 g6 18.Bg5 h6 19.Bd2 Bg7 20.Rhe1 c6 21.Ba5 cxd5
22.cxd5 Kb8 23.Kc2 Rc8+ 24.Kb3 Rc5 25.Bb4 Rb5 26.a3 Bf6 27.Re2 e6 28.dxe6 Rxd1
29.exf7 Bg7 30.Re8+ Ka7 31.Rg8 Rd2 32.Rxg7 Rxf2 33.a4 Rbf5 34.f8=Q Rxf8 35.Bxf8 Rxf8
36.Rxg6 Rf2 37.h4 a5 38.g3 Re2 39.Kc3 Re4 40.b3 Kb8 41.h5 Re5 42.g4 Re4 43.g5 hxg5
44.Rxg5 Re3+ 45.Kc4 b6 46.Rb5 Kc7 47.Kd4 Rh3 48.Ke4 Kc6 49.Kf4 Rh1 50.Kg5 Rg1+
51.Kf6  1-0

[Event "WCC"]
[Site "Khanty Mansyisk RUS"]
[Date "2005.11.27"]
[Round "1.2"]
[White "Naiditsch,A"]
[Black "Kotsur,P"]
[Result "1-0"]
[WhiteElo "2641"]
[BlackElo "2587"]

1.e4 d5 2.exd5 Qxd5 3.Nc3 Qd6 4.d4 Nf6 5.Be2 a6 6.Bf3 Nc6 7.Nge2 e6 8.O-O Ne7
9.Ng3 Ng6 10.Bg5 Be7 11.Qd2 O-O 12.Rad1 Qd8 13.h4 h6 14.h5 hxg5 15.hxg6 Nd5
16.Rfe1 Nf4 17.gxf7+ Rxf7 18.Bg4 b6 19.Nh5 Nxh5 20.Bxh5 Rf6 21.d5 Rh6 22.Bf3 Qd6
23.g3 Bb7 24.Qe2 Rf8 25.Bg4 exd5 26.Be6+ Kh8 27.Bxd5 Bxd5 28.Nxd5 Bd8 29.Kg2 c6
30.Nc3 Qg6 31.Rh1 Re8 32.Qxa6 Qxc2 33.Rxh6+ gxh6 34.Rd6 Rf8 35.Qe2 Qxe2 36.Nxe2 Bf6
37.Rxc6 b5 38.g4 b4 39.b3 Bg7 40.Ng3 Rf4 41.Rc4 Rxc4 42.bxc4 Kg8 43.Kf3 Kf7
44.Ke4 Ke6 45.Nf5 Bf8 46.f3 Kf6 47.Nd4 Ke7 48.Kd5  1-0

[Event "65th ch-ITA"]
[Site "Cremona ITA"]
[Date "2005.11.28"]
[Round "6"]
[White "Manca,F"]
[Black "Pizzuto,S"]
[Result "1-0"]
[WhiteElo "2408"]
[BlackElo "2219"]

1.e4 d5 2.exd5 Qxd5 3.Nc3 Qd6 4.d4 Nf6 5.Nf3 a6 6.g3 Bg4 7.h3 Bh5 8.g4 Bg6
9.Ne5 Nc6 10.Nxg6 hxg6 11.d5 Nb4 12.Bg2 Rd8 13.O-O Nbxd5 14.Nxd5 Nxd5 15.c4 Nf6
16.Qxd6 Rxd6 17.Bf4 Rd4 18.Bxc7 Rxc4 19.Rac1 Rxc1 20.Rxc1 e6 21.Bb6 Nd7 22.Rc8+ Ke7
23.Be3 b6 24.Bc6 Kd6 25.Bxd7 Kxd7 26.Ra8 Kc6 27.Kg2 a5 28.Rb8 Kc7 29.Bf4+ Kc6
30.a4 f6 31.Rc8+ Kd5 32.Be3 Kd6 33.Bxb6 Kd7 34.Ra8 f5 35.Bxa5 Kc6 36.Bb4 Bxb4
37.Rxh8 Bd6 38.Rg8  1-0

[Event "18th Belgrade Trophy"]
[Site "Obrenovac SCG"]
[Date "2005.11.28"]
[Round "7"]
[White "Dumpor,A"]
[Black "Drljevic,L"]
[Result "1-0"]
[WhiteElo "2309"]
[BlackElo "2189"]

1.e4 d5 2.exd5 Qxd5 3.Nc3 Qd8 4.d4 Nf6 5.Nf3 Bf5 6.Bc4 e6 7.Bg5 Be7 8.Qe2 c6
9.O-O O-O 10.Rad1 Nbd7 11.Bb3 h6 12.Bh4 a5 13.a3 Nb6 14.Bxf6 Bxf6 15.Ne4 a4
16.Ba2 Ra5 17.c4 Bg4 18.c5 Nc8 19.Bb1 Rb5 20.Bd3 Bxf3 21.gxf3 Ra5 22.Bc2 g6
23.Kh1 Bg7 24.Rg1 b6 25.Nc3 bxc5 26.dxc5 Qh4 27.Rxg6 fxg6 28.Qxe6+ Rf7 29.Bxg6 Ra7
30.Ne4 Qf4 31.Bxf7+ Rxf7 32.Qxc8+ Kh7 33.Rd3 Bxb2 34.Qxc6 Bxa3 35.Qxa4 Bb2
36.Qc2 Be5 37.Ng3 Kg8 38.c6 Rf8 39.Re3 Bd4 40.Qc4+ Kh8 41.Ne2 Bxe3 42.Nxf4 Bxf4
43.c7 Bxc7 44.Qxc7 Kg8 45.f4 Rf7 46.Qc8+ Kg7 47.f5 Rf8 48.Qe6 Rf6 49.f4  1-0

[Event "18th Belgrade Trophy"]
[Site "Obrenovac SCG"]
[Date "2005.11.29"]
[Round "8"]
[White "Toth,Al"]
[Black "Ptacnikova,L"]
[Result "1/2-1/2"]
[WhiteElo "2295"]
[BlackElo "2181"]

1.e4 d5 2.exd5 Qxd5 3.Nc3 Qd6 4.d4 Nf6 5.Nf3 a6 6.g3 Bg4 7.Bg2 Nc6 8.Bf4 Qe6+
9.Be3 Nd5 10.Nxd5 Qxd5 11.O-O Qh5 12.Qe2 O-O-O 13.Rad1 e6 14.c3 Bd6 15.Bc1 Rhe8
16.Rd3 e5 17.Re3 f5 18.h3 Bxh3 19.Bxh3 Qxh3 20.Ng5 Qg4 21.Qxg4 fxg4 22.d5 Ne7
23.c4 Nf5 24.Re4 h5 25.Ne6 Rxe6 26.dxe6 Nd4 27.Kg2 Nf3 28.Be3 Re8 29.c5 Bf8
30.b4 Rxe6 31.a4 c6 32.Rd1 Be7 33.Bc1 Bf6 34.Rh1 g6 35.Rd1 Kc7 36.Kf1 Be7
37.Be3 Kc8 38.Bc1 Bd8 39.Be3 Bc7 40.Bc1 Rf6 41.Be3 Rf7 42.Ke2 Rf6 43.Rb1  1/2-1/2

[Event "65th ch-ITA"]
[Site "Cremona ITA"]
[Date "2005.11.30"]
[Round "8"]
[White "Ronchetti,N"]
[Black "Pizzuto,S"]
[Result "1/2-1/2"]
[WhiteElo "2402"]
[BlackElo "2219"]

1.e4 d5 2.exd5 Qxd5 3.Nc3 Qd6 4.d4 Nf6 5.Nf3 a6 6.g3 Bg4 7.Bg2 Nc6 8.O-O O-O-O
9.d5 Nb4 10.h3 Bh5 11.Bf4 Qc5 12.Be3 Qd6 13.g4 Bg6 14.Qd4 Nxc2 15.Qa7 Nxe3
16.fxe3 Qb6 17.Qxb6 cxb6 18.Nd4 Nd7 19.Rac1 Kb8 20.Nce2 Nc5 21.h4 h5 22.gxh5 Bxh5
23.Nf4 Bg4 24.h5 Nd7 25.Bf3 Ne5 26.Bxg4 Nxg4 27.Rf3 Ne5 28.Rg3 g6 29.hxg6 Nxg6
30.Nxg6 fxg6 31.Rg5 Bg7 32.Rxg6 Bxd4 33.exd4 Rxd5 34.Re1 Rh7 35.Re4 Kc7 36.Kf1 Rd6
37.Rg2 Rf7+ 38.Ke2 Kd7 39.Kd2 Rdf6 40.Rge2 Rf4 41.Kd3 Rxe4  1/2-1/2

[Event "2nd Bundesliga West 2005-6"]
[Site "Austria AUT"]
[Date "2005.12.02"]
[Round "3"]
[White "Novkovic,J"]
[Black "Heinzel,O"]
[Result "0-1"]
[WhiteElo "2145"]
[BlackElo "2401"]

1.e4 d5 2.exd5 Qxd5 3.Nc3 Qd6 4.d4 Nf6 5.Nf3 a6 6.Bd3 Nbd7 7.Be3 e6 8.Qd2 b5
9.Ne4 Qd5 10.Nxf6+ Nxf6 11.a4 b4 12.O-O Bd6 13.Bf4 Bb7 14.Rfe1 Rd8 15.Be5 Qa5
16.Qg5 Bxf3 17.gxf3 h6 18.Qf4 Bxe5 19.Rxe5 Qb6 20.Rc5 Rd6 21.a5 Qa7 22.Qxd6 cxd6
23.Rc8+ Ke7 24.Rxh8 Qxd4 25.Ra8 b3 26.Rd1 Qxb2 27.Ra7+ Kf8 28.cxb3 Qxb3 29.Ra8+ Ke7
30.Ra7+ Kf8 31.Be2 Qa2 32.Bxa6 Qxa5 33.Rxd6 Qa1+ 34.Kg2 g5 35.Ra8+ Kg7 36.Bb7 Qc1
37.Ba6 Nh5 38.Bf1 g4 39.Rd4 gxf3+ 40.Kg1 e5 41.Rg4+ Kf6 42.Raa4 Kf5 43.Rgb4 Qe1
44.Rh4 Nf6 45.Rhc4 e4 46.Rc5+ Kg6 47.Rc2 Nd5 48.Rca2 Nf4 49.Ra1 Nh3+ 50.Kh1 Nxf2+
51.Kg1 Qe3  0-1

[Event "TCh-CZE Extraliga 2005-6"]
[Site "Czech Rep CZE"]
[Date "2005.12.03"]
[Round "5"]
[White "Novak,Pa"]
[Black "Nedela,V"]
[Result "1-0"]
[WhiteElo "2345"]
[BlackElo "2374"]

1.e4 d5 2.exd5 Qxd5 3.Nc3 Qd6 4.d4 c6 5.Bc4 Nf6 6.Nge2 e6 7.O-O Be7 8.Bg5 Qb4
9.Bb3 Nbd7 10.Qd3 Qa5 11.f4 h6 12.Bh4 Nf8 13.Rae1 Bd7 14.f5 O-O-O 15.Nf4 c5
16.fxe6 fxe6 17.Nxe6 Nxe6 18.Bxe6 cxd4 19.Nb5 Qb6 20.Bg3 a6 21.Qc4+ Bc5 22.Rf5  1-0

[Event "FSIM December"]
[Site "Budapest HUN"]
[Date "2005.12.06"]
[Round "4"]
[White "Radnai,A"]
[Black "Galyas,M"]
[Result "1/2-1/2"]
[WhiteElo "2198"]
[BlackElo "2424"]

1.e4 d5 2.exd5 Qxd5 3.Nc3 Qd6 4.d4 Nf6 5.Nf3 a6 6.g3 b5 7.Bg2 Bb7 8.O-O e6
9.Ne5 Bxg2 10.Kxg2 b4 11.Qf3 c6 12.Ne4 Qd5 13.Ng5  1/2-1/2

[Event "12th Open"]
[Site "Zadar CRO"]
[Date "2005.12.13"]
[Round "2"]
[White "Sakelsek,T"]
[Black "Plenkovic,Z"]
[Result "1-0"]
[WhiteElo "2404"]
[BlackElo "2321"]

1.e4 d5 2.exd5 Qxd5 3.Nc3 Qd8 4.d4 Nf6 5.Be2 Nc6 6.Nf3 g6 7.Bf4 Bg7 8.a3 Be6
9.h3 O-O 10.O-O Rc8 11.Bh2 Nd5 12.Ne4 Nb6 13.c3 Bd5 14.Nc5 Nb8 15.Nd2 N6d7
16.Nxd7 Qxd7 17.c4 Bc6 18.d5 Ba4 19.b3 Bxa1 20.Qxa1 Bc6 21.Nf3 Bxd5 22.Ne5 Qe6
23.Bg4 f5 24.cxd5 Qxd5 25.Be2 b5 26.Rd1 Qxb3 27.Rb1 Qe6 28.Bxb5 Qf6 29.Qa2+ e6
30.Re1 Rcd8 31.Nf3 Rf7 32.Bc4 Re7 33.Bxe6+ Kf8 34.Be5  1-0

[Event "12th Open"]
[Site "Zadar CRO"]
[Date "2005.12.13"]
[Round "3"]
[White "Nevednichy,V"]
[Black "Saric,Ib"]
[Result "1/2-1/2"]
[WhiteElo "2594"]
[BlackElo "2441"]

1.e4 d5 2.exd5 Qxd5 3.Nc3 Qd8 4.d4 c6 5.Nf3 Bg4 6.Be2 e6 7.h3 Bh5 8.g4 Bg6
9.h4 Bb4 10.h5 Be4 11.O-O Bxf3 12.Bxf3 Be7 13.Ne4 Nf6 14.Ng3 h6 15.c4 Qc7
16.Kg2 Bd6 17.d5 Nbd7 18.Re1 O-O-O 19.dxc6 bxc6 20.Qa4 Nc5 21.Qc2 Bf4 22.Be3 Nd3
23.Red1 Bxe3 24.Rxd3 Bf4 25.Rxd8+ Rxd8 26.Ne4 Nxe4 27.Qxe4 Be5 28.c5 Rd2
29.Re1 Bd4 30.Re2 Rxe2 31.Qxe2 Bxc5 32.Qa6+ Kd7 33.a3 Bb6 34.b4 Qd6 35.Qb7+ Qc7
36.Bxc6+ Kd6 37.Qxc7+ Bxc7  1/2-1/2

[Event "13th Salona"]
[Site "Solin CRO"]
[Date "2005.12.15"]
[Round "8"]
[White "Kovalevskaya,E"]
[Black "Kurajica,B"]
[Result "1-0"]
[WhiteElo "2457"]
[BlackElo "2533"]

1.e4 d5 2.exd5 Qxd5 3.Nc3 Qd6 4.d4 g6 5.Nf3 Bg7 6.Be3 a6 7.Qd2 Nf6 8.Bf4 Qb6
9.Bc4 O-O 10.O-O Bg4 11.Ne5 Nc6 12.Nxg4 Nxg4 13.Be2 e5 14.dxe5 Ngxe5 15.Nd5 Qxb2
16.Rab1 Qxa2 17.Rxb7 Rad8 18.Rd1 Nd4 19.Qxd4 Nf3+ 20.Bxf3 Bxd4 21.Rxd4 c6
22.Ne7+ Kg7 23.Be5+ Kh6 24.Rh4+ Kg5 25.Rg4+ Kh6 26.Nf5+  1-0

[Event "13th Salona"]
[Site "Solin CRO"]
[Date "2005.12.16"]
[Round "9"]
[White "Cvorovic,D"]
[Black "Dizdarevic,E"]
[Result "1-0"]
[WhiteElo "2446"]
[BlackElo "2509"]

1.e4 d5 2.exd5 Qxd5 3.Nc3 Qd8 4.g3 g6 5.Bg2 Bg7 6.Nge2 h5 7.h3 Nh6 8.d3 Nf5
9.Bg5 c6 10.a4 a5 11.O-O Na6 12.Re1 Nc7 13.Nf4 Ne6 14.Nxe6 Bxe6 15.Ne4 b6
16.c3 Ra7 17.d4 Kf8 18.Qe2 Bd5 19.Kh2 Bf6 20.Bf4 Kg7 21.Red1 Rd7 22.Rd2 Re8
23.Re1 Rh8 24.Qa6 Kh7 25.Kg1 Ng7 26.h4 Ne6 27.Be3 Kg7 28.Rde2 Qa8 29.Qd3 Rhd8
30.Bc1 c5 31.Qe3 Kg8 32.dxc5 Nxc5 33.Nxc5 bxc5 34.Bxd5 Qxd5 35.Qe4 Qb3 36.Be3 c4
37.Qc6 Rd5 38.Kg2 R8d6 39.Qe8+ Kg7 40.Bh6+ Kxh6 41.Rxe7 Rf5 42.Rxf7 Rd8 43.Qe3+ g5
44.Rxf6+  1-0

[Event "12th Open"]
[Site "Zadar CRO"]
[Date "2005.12.16"]
[Round "7"]
[White "Zelic,Ml"]
[Black "Plenkovic,Z"]
[Result "0-1"]
[WhiteElo "2249"]
[BlackElo "2321"]

1.e4 d5 2.exd5 Qxd5 3.Nc3 Qd8 4.d4 Nf6 5.Be2 Nc6 6.Be3 Bf5 7.Nf3 Nb4 8.Rc1 e6
9.O-O Be7 10.Ne5 h5 11.a3 Nbd5 12.Nxd5 Nxd5 13.c4 Nxe3 14.fxe3 Bd6 15.Nf3 O-O
16.c5 Be7 17.Bd3 Bf6 18.Kh1 Bxd3 19.Qxd3 g6 20.b4 Bg7 21.e4 c6 22.b5 Qa5
23.bxc6 bxc6 24.d5 cxd5 25.exd5 exd5 26.Qxd5 Rac8 27.Ng5 Qd8 28.Qxd8 Rfxd8
29.h4 Rc7 30.Rc4 Bh6 31.Rf3 Bxg5 32.hxg5 Rd5 33.c6 Kf8 34.Rb3 Ke7 35.a4 Kd6
36.Rbc3 Rxg5 37.Kh2 Rg4 38.Rd3+ Ke6 39.Rc2 Rxa4 40.Re2+ Kf6 41.Rc2 Re4 42.Kg3 Ke7
43.Kf3 Re6 44.Rdc3 a5 45.Kf4 Kf6 46.Rc4 a4 47.Kf3 a3 48.Rf4+ Kg7 49.Rfc4 a2
50.Rxa2 Rexc6 51.Re4 Rc3+ 52.Kf2 Rc2+ 53.Rxc2 Rxc2+ 54.Kf3 g5 55.Re5 Rc3+
56.Kf2 Kg6 57.Re8 h4 58.Rh8 Kf5 59.Kg1 Kg4 60.Kh2 f5 61.Rh7 f4 62.Rh8 Rc2
63.Kg1 Kg3  0-1

[Event "5th Amplico AIG Life"]
[Site "Warsaw POL"]
[Date "2005.12.17"]
[Round "5"]
[White "Deszczynski,A"]
[Black "Gashimov,V"]
[Result "0-1"]
[WhiteElo "2348"]
[BlackElo "2608"]

1.e4 d5 2.exd5 Qxd5 3.Nc3 Qd6 4.d4 Nf6 5.Nf3 a6 6.h3 Bf5 7.Bc4 e6 8.O-O Nc6
9.Re1 Be7 10.Bg5 Rd8 11.Qe2 Nxd4 12.Nxd4 Qxd4 13.Rad1 Qc5 14.Rxd8+ Bxd8 15.Bxf6 Bxf6
16.Ne4 Bxe4 17.Qxe4 Qb6 18.c3 O-O 19.Bb3 Rd8 20.Qf3 a5 21.Qe2 g6 22.Rd1 Rxd1+
23.Bxd1 h5 24.a4 Qd6 25.Bc2 h4 26.Qf3 Kg7 27.Kf1 Qb6 28.b3 c6 29.c4 Qd4 30.Qd3 Qf4
31.Qe3 Qh2 32.Be4 Qh1+ 33.Ke2 Qa1 34.Qd3 Bd4 35.Qb1 Qa3 36.Qc2 f5 37.Bd3 Qd6
38.Qd2 Qd8 39.f4 Qc7 40.Kf3 Qb6 41.Bc2 Kf7 42.Qe1 Bf6 43.Qe3 Qb4 44.Qd3 Ke7
45.Ke2 Qc5 46.Qe3 Bd4 47.Qd3 Bg1 48.Kd1 Qf2 49.Qf3 Qd4+ 50.Ke2 Qb2 51.Kd1 Qa1+
52.Ke2 Qc1 53.Qc3 Qxf4 54.Qg7+ Kd6 55.Qf8+ Kc7 56.Qe7+ Kb6 57.Qd8+ Qc7 58.Qxh4 Qe5+
59.Kd1 Be3 60.Qd8+ Ka7 61.Bd3  0-1

[Event "5th Amplico AIG Life"]
[Site "Warsaw POL"]
[Date "2005.12.17"]
[Round "8"]
[White "Jakubowski,K"]
[Black "Szwed,J"]
[Result "0-1"]
[WhiteElo "2483"]
[BlackElo "2215"]

1.e4 d5 2.exd5 Qxd5 3.Nc3 Qd6 4.d4 Nf6 5.Bc4 a6 6.Nge2 b5 7.Bb3 Bb7 8.Bf4 Qb6
9.Qd2 e6 10.O-O-O Nbd7 11.f3 c5 12.dxc5 Bxc5 13.Bg5 h6 14.Bxf6 Be3 15.Bxg7 Bxd2+
16.Rxd2 Rg8 17.Bd4 Qc7 18.Ng3 O-O-O 19.Nce4 Nb6 20.Rhd1 Nc4 21.Bxc4 Qxc4
22.b3 Qc7 23.Kb2 Kb8 24.a3 a5 25.Nc3 Bc6 26.Nge4 Qxh2 27.Nf6 Rxg2 28.Be5+ Qxe5
29.Rxd8+ Kc7 30.Ng4 Rxg4 31.fxg4 b4 32.R8d4 bxc3+ 33.Kxc3 f5 34.gxf5 exf5
35.Kb2 f4 36.c3 f3 37.R4d3 Qf4 38.Rf1 Qg3 39.Rd2 h5 40.a4 h4  0-1

[Event "5th Amplico AIG Life"]
[Site "Warsaw POL"]
[Date "2005.12.18"]
[Round "11"]
[White "Toczek,G"]
[Black "Gashimov,V"]
[Result "0-1"]
[WhiteElo "2372"]
[BlackElo "2608"]

1.e4 d5 2.exd5 Qxd5 3.Nc3 Qd6 4.d4 Nf6 5.Be2 a6 6.Be3 Nc6 7.Qd2 Bf5 8.Nf3 O-O-O
9.a3 e5 10.dxe5 Nxe5 11.O-O-O Qxd2+ 12.Nxd2 Neg4 13.Bd4 c5 14.Bxf6 Nxf6 15.f3 Be6
16.Bc4 Bxc4 17.Nxc4 Be7 18.Rde1 Rde8 19.a4 Kc7 20.b3 Bd6 21.Rxe8 Rxe8 22.Re1 Be7
23.Kd2 Bd8 24.Rxe8 Nxe8 25.Kd3 Kc6 26.Ne4 f6 27.Ng3 f5 28.Ne2 g6 29.h3 Bc7
30.Ne3 Nf6 31.c4 Nd7 32.Kc2 Ne5 33.f4 b5 34.axb5+ axb5 35.Nd5 Nd7 36.Kd3 bxc4+
37.bxc4 Nf8 38.Ng1 Bd8 39.Nf3 Kd6 40.g4 Ke6 41.Ne3 Nd7 42.Kc2 Ke7 43.Kd2 Ke6
44.Kd3 Nb6 45.gxf5+ gxf5 46.h4 h6 47.h5 Bf6 48.Nc2 Bb2 49.Ne3 Bc1 50.Nd2 Nc8
51.Nb3 Bxe3 52.Kxe3 Kd6 53.Nd2 Nb6 54.Kd3 Nd7 55.Nf1 Nf6 56.Ng3 Ke6 57.Ke3 Ne8
58.Kd3 Nd6 59.Nf1 Ne4 60.Ke3 Kd6 61.Kf3 Ke6 62.Ke3 Nc3 63.Kd2 Ne4+ 64.Ke3 Kd6
65.Kf3 Kc6 66.Ne3 Nd6 67.Ke2 Kc7 68.Kd3 Kd7 69.Nd5 Ne4 70.Ne3 Ng3 71.Nd5 Nxh5
72.Ke3 Ke6 73.Nc7+ Kd6 74.Nd5 Ng7 75.Kf3 Nh5 76.Ne3 Ke6 77.Nd5 Nf6 78.Ne3 Ne4
79.Kg2 Nd6 80.Kg3 Kf6 81.Nd5+ Kg6 82.Ne3 Nc8 83.Nd5 Nd6 84.Ne3 Ne4+ 85.Kh4 Nf6
86.Kg3 Nh5+ 87.Kf3 Kf6 88.Nd5+ Ke6 89.Ne3 Ng7 90.Kg3 Kf6 91.Nd5+ Kg6 92.Kh4 Ne6
93.Kg3 Nf8 94.Kh4 Kg7 95.Kh5 Ng6  0-1

[Event "5th Amplico AIG Life"]
[Site "Warsaw POL"]
[Date "2005.12.18"]
[Round "12"]
[White "Czarnota,P"]
[Black "Bartel,Mat"]
[Result "1/2-1/2"]
[WhiteElo "2479"]
[BlackElo "2513"]

1.e4 d5 2.exd5 Qxd5 3.Nc3 Qd8 4.d4 Nf6 5.Bc4 e6 6.Nf3 a6 7.a4 Nc6 8.O-O Be7
9.b3 O-O 10.Bb2 Nb4 11.Qe2 b6 12.Rad1 Bb7 13.Ne5 Nbd5 14.Nxd5 exd5 15.Bd3 Bd6
16.c4 Re8 17.Rfe1 Bb4 18.Rf1 Qc8 19.h3 c5 20.Qc2 cxd4 21.Bxd4 Bc5 22.Qb2 Bxd4
23.Qxd4 Qc5 24.Nf3 Qxd4 25.Nxd4 Rad8 26.Nf5 g6 27.Ne3 d4 28.Nc2 a5 29.Rfe1 Rxe1+
30.Nxe1 Nd7 31.Bc2 Nc5 32.f3 Bc8 33.Kf2 Bf5 34.Bxf5 gxf5 35.Nd3 Nxb3 36.Rb1 Nd2
37.Rxb6 Nxc4 38.Rb5 Ne3 39.Rxa5 Rc8 40.Rc5 Rb8 41.Rb5 Rc8 42.Rc5 Rb8  1/2-1/2

[Event "1st ch-BIH"]
[Site "Brcko BIH"]
[Date "2005.12.19"]
[Round "6"]
[White "Stojanovic,Da"]
[Black "Goric,E"]
[Result "1/2-1/2"]
[WhiteElo "2459"]
[BlackElo "2357"]

1.e4 d5 2.exd5 Qxd5 3.Nc3 Qd6 4.d4 Nf6 5.Nf3 a6 6.Be3 b5 7.Bd3 Bb7 8.Qe2 e6
9.O-O-O Nbd7 10.Rhg1 Be7 11.Ng5 Nb6 12.Nge4 Nxe4 13.Nxe4 Bxe4 14.Bxe4 Nd5
15.Bd2 Rd8 16.Kb1 O-O 17.g3 Qb6 18.Bc1 b4 19.Qc4  1/2-1/2